LEADER 01686nam0 22003973i 450 001 NAP0473239 005 20251003044253.0 010 $a078440884X 010 $a9780784408841 100 $a20091028d2007 ||||0itac50 ba 101 | $aeng 102 $aus 181 1$6z01$ai $bxxxe 182 1$6z01$an 200 1 $aSeismic rehabilitation of existing buildings$fAmerican society of civil engineers 210 $aReston$cASCE$dİ2007 215 $aXVI, 411 p.$d28 cm 225 | $aASCE standard 300 $aSul front.: ASCE/SEI 41-06; This document uses both the International system of units (SI) and customary units. 410 0$1001UAN0008166$12001 $aASCE standard 606 $aEdifici$xConsolidamento$2FIR$3CFIC023675$9I 606 $aCostruzioni antisismiche$2FIR$3CFIC001745$9E 676 $a693.8$9COSTRUZIONE PER SPECIFICI SCOPI$v14 676 $a693.852$9Costruzione antisismica$v22 696 $aFabbricati 699 $aEdifici$yFabbricati 712 02$aAmerican society of civil engineers$3MILV019254 791 02$aASCE$3MILV026063$zAmerican society of civil engineers 801 3$aIT$bIT-000000$c20091028 850 $aIT-BN0095 901 $bNAP 01$cSALA DING $n$ 912 $aNAP0473239 950 0$aBiblioteca Centralizzata di Ateneo$c1 v. in due copie$d 01SALA DING 693.8 SEIROE$e 0102 0000074565 VMA A4 1 v.$fY $h20091027$i20091027$c1 v. in due copie$d 01SALA DING 693.8 SEIROE$e 0102 0000074575 VMA A4(bis 1 v. (2. copia)$fY $h20091027$i20091027 977 $a 01 996 $aSeismic rehabilitation of existing buildings$9103903 997 $aUNISANNIO